| 000 | 00578nam a2200229Ia 4500 | ||
|---|---|---|---|
| 008 | 180523s9999 xx 000 0 und d | ||
| 020 | _a978-0-471-68710-8 | ||
| 050 | _aMAIN TX 911.3 | ||
| 050 | _b.M27B37 2007 | ||
| 100 | _aBardi, James A. | ||
| 245 | 0 | _aHotel front office management / | |
| 245 | 0 | _cJames A. Bardi. | |
| 250 | _a4th Edition | ||
| 260 | _aNew Jersey : | ||
| 260 | _bJohn Wiley & Sons, | ||
| 260 | _c2007 | ||
| 300 | _a468 pages : | ||
| 300 | _billustrations ; | ||
| 300 | _c24 cm. | ||
| 500 | _aIncludes index. | ||
| 650 | _aHotel management. | ||
| 999 |
_c357756 _d357756 |
||